Alfabetización digital : módulo 1

Guardado en:
Formato: Libro
Publicado: Buenos Aires : Educ.ar
Materias:
Etiquetas: Agregar Etiqueta
Sin Etiquetas, Sea el primero en etiquetar este registro!
LEADER 00897nam a22002655a 4500
001 CEM.cems011635
005 20071012161505.0
008 130507b######################000#0#####d
003 CEMS
082 0 4 |a CD001.6 
245 0 0 |a Alfabetización digital :  |b módulo 1 
260 |a Buenos Aires :  |b Educ.ar 
300 |a 1 CD-ROM 
505 0 |a El CD Banco de recursos interactivos Inicial-EGB-Polimodal ha sido elaborado por Educ.ar, Ministerio de Educación, Ciencia y Tecnología. 
653 |a Alfabetización digital 
653 |a Informática 
653 |a Computación 
653 |a Recursos interactivos 
653 |a Educación inicial 
653 |a Educación primaria 
653 |a Polimodal 
653 |a Lengua 
653 |a Matemática 
859 |a CEMS  |b BIB. CEMS - 11 de abril  |h CD001.6  |i Ar37  |p 2063.44  |t Ej.1  |v 1  |3 1 
859 |a CEMS  |b BIB. CEMS - 11 de abril  |h CD001.6  |i Ar37  |p 2077.44  |t Ej.2  |v 1  |3 1